| 000 | 01054cam a2200325 a 4500 | ||
|---|---|---|---|
| 999 |
_c1915 _d1915 |
||
| 001 | 2565236 | ||
| 003 | GZU | ||
| 005 | 20201023113255.0 | ||
| 008 | 950207s1993 enka b 001 0 eng d | ||
| 010 | _a 95113521 | ||
| 015 | _aGB93-33235 | ||
| 020 | _a0855981946 | ||
| 020 | _a0855981954 (pbk) | ||
| 035 | _a(OCoLC)29148114 | ||
| 040 |
_aWMUW _cWMUW _dUk _dDLC |
||
| 042 | _alccopycat | ||
| 043 | _ad------ | ||
| 050 | 0 | 0 |
_aHV1559.D44 _bC65 1993 |
| 082 | 0 | 0 |
_a362.4 _220 |
| 100 | 1 | _aColeridge, Peter. | |
| 245 | 1 | 0 |
_aDisability, liberation, and development / _cPeter Coleridge. |
| 260 |
_aOxford : _bOxfam, _cc1993. |
||
| 300 |
_avii, 244 p. : _bill. ; _c23 cm. |
||
| 504 | _aIncludes bibliographical references and index. | ||
| 650 | 0 |
_aPeople with disabilities _zDeveloping countries. |
|
| 650 | 0 |
_aSociology of disability _zDeveloping countries. |
|
| 906 |
_a7 _bcbc _ccopycat _d3 _encip _f19 _gy-gencatlg |
||
| 942 |
_2lcc _cBK _h1551 _iCOL _kHV _m1993 |
||